Zpráva o měnovém vývoji v České republice za 1. čtvrtletí 1994

Na minha lista:
Detalhes bibliográficos
Formato: Livro
Idioma:tcheco
Publicado em: Praha Česká národní banka [1994]
Edição:1. vyd.
Assuntos:
Tags: Adicionar Tag
Sem tags, seja o primeiro a adicionar uma tag!

MARC

LEADER 00000nam a2200000 4500
001 c009508
005 20221205141237.9
041 0 |a cze 
044 |a CZ 
245 1 0 |a Zpráva o měnovém vývoji v České republice za 1. čtvrtletí 1994 
250 |a 1. vyd. 
264 1 |a Praha  |b Česká národní banka  |c [1994] 
300 |a 78 s. 
610 2 0 |a mena 
610 2 0 |a politika menová 
610 2 0 |a Česko 
610 2 0 |a vývoj hospodársky 
610 2 0 |a bilancia platobná 
610 2 0 |a rezervy devízové 
610 2 0 |a úver 
610 2 0 |a trh finančný 
610 2 0 |a trh kapitálový medzinárodný 
610 2 0 |a ČNB Praha 
610 2 0 |a január-marec 
610 2 0 |a 1994 
610 2 0 |a sústava banková 
610 2 0 |a tabuľky štatistické